00506 2200205 4500245004700000020001800047250001100065100001900076700001500095700001000110700002400120650001700144005001900161260004100180041001400221084001300235300003200248336000900280338001100289 aPrincess Tutu Vol. 2cSato, Jun-IchihText a979-20-8859-8 aCet. 1 aSato, Jun-Ichi aIto, Ikuko aHelen aLoren Halim Widjaya aKomik Jepang a20230131080712 aJakartabElex Media Komputindoc2006 aIndonesia a741.5592 a... jil. :bilus. ;c17 cm. atext avolume